International business introduction and essentials

Gespeichert in:
Bibliographische Detailangaben
1. Verfasser: Ball, Donald A.
Weitere Verfasser: McCulloch, Wendell H., Jr
Format: Buch
Sprache:Englisch
Veröffentlicht: Homewood BPI IRWIN 1990
Ausgabe:4. ed.
Schlagworte:
Tags: Tag hinzufügen
Keine Tags, Fügen Sie das erste Tag hinzu!

MARC

LEADER 00000nam a2200000 4500
001 c101262
005 20221123135405.5
020 |a 0-256-08010-0 
041 0 |a eng 
044 |a US 
245 1 0 |a International business  |b introduction and essentials  |c Donald A. Ball, Wendell H. McCulloch 
250 |a 4. ed. 
264 1 |a Homewood  |b BPI IRWIN  |c 1990 
300 |a 774 s. 
610 2 0 |a obchod medzinárodný 
610 2 0 |a podnikanie medzinárodné 
610 2 0 |a teórie ekonomické 
610 2 0 |a investície 
610 2 0 |a organizácie medzinárodné 
610 2 0 |a politika peňažná 
610 2 0 |a marketing medzinárodný 
610 2 0 |a vývoz 
610 2 0 |a dovoz 
610 2 0 |a manažment finančný 
610 2 0 |a plánovanie strategické 
610 2 0 |a kontrola 
610 2 0 |a obchod zahraničný 
100 1 |a Ball, Donald A. 
700 1 |a McCulloch, Wendell H., Jr.